000 00886nam a2200253 i 4500
001 C00062300c
005 20241029150816.0
008 130916s1925 xxkf 1 engdd
080 _a729.88(44)"09/14"
080 _a729.88(410)"09/14"
100 1 _aArnold, Hugh (
_d1872-1915)
_943038
245 1 0 _aStained glass of the middle ages in England and France /
_cpainted by Lawrence B. Saint ; described by Hugh Arnold.
260 _aLondon :
_bA. & C. Black,
_c1925.
300 _aXIV, 260 p., [46] p. de lám. col. ;
_c23 cm.
500 _aAntep.
500 _aApostillas marginales.
500 _aDonación heredera R. Stolz Viciano.
650 _aVidrieras-
_zFrancia-
_yEdad media.
_999516
650 _aVidrieras-
_zGran Bretaña-
_yEdad media.
_999517
700 1 _aSaint, Lawrence Bradford (
_d1885-1961)
_943039
852 4 _jL-252
999 _c59004
_d59004